Länder mit den längsten Straßennetzen - Statistiken

Allgemein
  • Dieses Quiz wurde 113 mal gespielt
  • Das Durchschnittsergebnis liegt bei 18 aus 20
Antwortstatistiken
# Land % Korrekt
4.960.600 China
100%
625.000 Deutschland
100%
2.000.000 Brasilien
99%
6.586.610 Vereinigte Staaten
99%
1.042.300 Kanada
98%
1.053.215 Frankreich
97%
4.699.024 Indien
97%
1.283.387 Russland
97%
487.700 Italien
96%
398.148 Mexiko
95%
683.175 Spanien
94%
873.573 Australien
93%
1.218.772 Japan
93%
394.428 Vereinigtes Königreich
88%
420.000 Polen
87%
573.134 Schweden
83%
750.000 Südafrika
80%
496.607 Indonesien
69%
454.000 Finnland
67%
369.105 Bangladesch
26%
Keine übereinstimmenden Quizze gefunden
Verteilung der Resultate
Anzahl Personen mit jedem Resultat
Perzentil nach korrekt beantworteten Fragen
Ihre Resultats-Entwicklung
Sie haben dieses Quiz noch nicht gespielt